00428nam a22001337a 4500003000400000008004100004020001800045100001600063245003800079250002400117260004500141300005700186650005100243OSt200320b ||||| |||| 00| 0 eng d a9788123907871 aGaud, R. S. aPractical Pharmaceutics (PB 2019) a1st/e, Reprint 2019 aNew DelhibCBS Publishers & Distributors aPaperback: 306 Pages, Dimensions: 24 x 18.2 x 1.4 cm aPharmaceutics (Dispensing and General Pharmacy